Statistics for A Game of Thrones word chain

Click here to take the quiz!

General Stats

  • This quiz has been taken 57 times
  • The average score is 16 of 25

Answer Stats

HintAnswer% Correct
Giant mass of swords that sits in the red keepThe iron throne
95%
This houses words are "Winter is coming"Stark
93%
What does Jon Snow know?Nothing
90%
Mother of dragons, Khaleesi of the Dothraki sea, and self proclaimed Queen of the seven kingdomsDaenerys
88%
Largest city in Westeros. Has the red keepKings landing
85%
The onion knightDavos Seaworth
80%
Seemingly main character that is killed off in the first book/seasonEddard Stark
80%
Redhead wildling that Jon falls in love withYgritte
80%
Name of Ned Starks swordIce
73%
Azor Ahai. King in the narrow sea. Brother of RobertStannis Baratheon
73%
Huge land mass to the East of WesterosEssos
71%
Large castle destroyed by dragon fire many years before A Game of ThronesHarrenhal
71%
Tears of ___Lys
68%
Younger brother of Tywin LannisterKevan Lannister
66%
Brother of SamwellDickon Tarly
63%
Robb starks men chant this at the end of the first book/seasonKing in the North
61%
Seat of the Baratheon familyStorms end
61%
City that Melisandre comes fromAsshai
56%
Large areas of Weirwood trees meant for prayingGodswood
54%
Large wildling town north of the wallHardhome
49%
Nights watch outpost to the EastEastwatch by the sea
46%
Road that goes between Kings Landing and LannisportGold road
37%
Where the North and South meetThe neck
27%
One of Qhorin Halfhands men sent to scout the Skirling PassEbben
10%
One of the thirty nobles that rides with Robb into warRobin Flint
2%

Score Distribution

Percentile by Number Answered

Percent of People with Each Score

Your Score History

You have not taken this quiz